000 00594nam a2200229Ia 4500
008 101110s9999 xx 000 0 und d
041 _aENGLISH
082 _bSR33940
100 _aKapoor Cosmic S.K.
245 _aLearn & teach vedic mathematics
260 _c2007
_bLotus press, New Delhi
300 _a308
365 _b125
520 _aMathematics
520 _aUGC Marge Scheme 2009-2010
546 _aENGLISH
630 _aLearn & teach vedic mathematics
650 _aMathematics
655 _aMathematics
730 _aLearn & teach vedic mathematics
942 _cBOOK
999 _c826441
_d826438